Statistics for European Countries Starting With E, F, G And H

Click here to take the quiz!

General Stats

  • This quiz has been taken 103 times
  • The average score is 6 of 6

Answers on the Map

Answers color-coded by a green-red scale on the quiz's map according to % correct below.
 

Answer Stats

Country% Correct
Estonia
100%
Finland
97%
Hungary
95%
France
93%
Germany
92%
Greece
87%

Score Distribution

Percentile by Number Answered

Percent of People with Each Score

Your Score History

You have not taken this quiz